| 000 | 01027nam a22002777a 4500 | ||
|---|---|---|---|
| 999 |
_c116941 _d116941 |
||
| 003 | dpl | ||
| 005 | 20190218164138.0 | ||
| 008 | 190218b ||||| |||| 00| 0 eng d | ||
| 010 | _aB-040317 | ||
| 020 |
_c80.00 _a8187809027 |
||
| 035 | _aB-040317, B-040335 | ||
| 037 | _bCen Lib/Ret | ||
| 040 |
_aDPL _bHN _c0 |
||
| 082 |
_aउ _bबंकिम |
||
| 100 |
_aबंकिमचन्द्र _945600 |
||
| 245 |
_aआनन्द मठ / _cबंकिमचन्द्र |
||
| 246 |
_aAnand math / _bby Bankimchandra |
||
| 260 |
_aनई दिल्ली _bनवचिंतन प्रकाशन _c2000 |
||
| 270 |
_aF-6/1, शाहपुरजट _bनई दिल्ली _e110049 |
||
| 300 |
_a96पृ. _c20सेमी(सजिल्द) |
||
| 650 |
_aहिन्दी साहित्य _969142 |
||
| 650 |
_aहिन्दी -- उपन्यास _969143 |
||
| 650 |
_aHindi literature _969144 |
||
| 650 |
_aHindi -- Fiction _927248 |
||
| 942 |
_2ddc _cHN _hउ _mबंकिम |
||